000 00545nam a22001817a 4500
999 _c297
_d297
003 AR-CdUCM
008 190220b ||||| |||| 00| 0 spa d
040 _aMUNICIPALIDAD PROVINCIAL DEL CUSCO
_cBIBLIOTECA MUNICIPAL DEL CUSCO
082 _a839.3 /
_bH23
100 _aHaasse, Hella S.
_91231
245 _aUn gusto a almendras amargas /
_cHella S. Haasse
260 _aEspaña :
_bHUROPE,
_c1991.
300 _a146 páginas ;
_c24 cm.
650 _aLiteratura europea
_9894
650 _aNovela romana
_91232
942 _2ddc
_cLIBROS
945 _arac